LEADER 02025nam0 2200445 i 450 001 VAN0125241 005 20220310113806.642 017 70$2N$a9783319747699 100 $a20191105d2018 |0itac50 ba 101 $aeng 102 $aCH 105 $a|||| ||||| 200 1 $aLiquid-Crystal Nanomaterials$eTribology and Applications$fSergey F. Ermakov, Nikolai K. Myshkin 210 $aCham$cSpringer$d2018 215 $aXVI, 215 p.$cill.$d24 cm 410 1$1001VAN0023990$12001 $aSpringer series in materials science$1210 $aBerlin$cSpringer$v267 620 $aCH$dCham$3VANL001889 676 $a530.42$cFisica dello stato liquido$v22 676 $a620.192$cPolimeri$v22 676 $a620.5$cNanotecnologia$v22 676 $a621.39$cMicroingegneria$v22 676 $a620.1$cScienze dei materiali$v22 676 $a621.89$cTribologia$v22 676 $a532.05$cDinamica$v22 700 1$aErmakov$bSergey F.$3VANV096686$0768274 701 1$aMyshkin$bNikolai K.$3VANV096687$0768275 712 $aSpringer $3VANV108073$4650 790 1$aErmakov, S. F.$zErmakov, Sergey F.$3VANV103699 790 1$aErmakov, S.F.$zErmakov, Sergey F.$3VANV213441 790 1$aMyshkin, N. K.$zMyshkin, Nikolai K.$3VANV103700 790 1$aMyshkin, Nikolai Konstantinovich$zMyshkin, Nikolai K.$3VANV213442 790 1$aMyshkin, N.K.$zMyshkin, Nikolai K.$3VANV213443 801 $aIT$bSOL$c20240614$gRICA 856 4 $uhttps://link.springer.com/book/10.1007/978-3-319-74769-9$zE-book - Accesso al full-text attraverso riconoscimento IP di Ateneo, proxy e/o Shibboleth 899 $aBIBLIOTECA DEL DIPARTIMENTO DI SCIENZE E TECNOLOGIE AMBIENTALI BIOLOGICHE E FARMACEUTICHE$1IT-CE0101$2VAN17 912 $fN 912 $aVAN0125241 950 $aBIBLIOTECA DEL DIPARTIMENTO DI SCIENZE E TECNOLOGIE AMBIENTALI BIOLOGICHE E FARMACEUTICHE$d17CONS e-book 2112 $e17BIB2112/114 114 20191105 996 $aLiquid-Crystal Nanomaterials$91564801 997 $aUNICAMPANIA LEADER 02120nam0 22005173i 450 001 VAN00287011 005 20250417111849.78 017 70$2N$a9783642729058 100 $a20250217d1990 |0itac50 ba 101 $aeng 102 $aDE 105 $a|||| ||||| 181 $ai$b e 182 $ab 183 $acr 200 1 $aMathematics of Ramsey theory$fJaroslav Ne?et?il, Vojtech Rodl (eds.) 210 $aBerlin$cSpringer-Verlag$d1990 215 $axiv, 269 p.$cill.$d24 cm 410 1$1001VAN00048656$12001 $aAlgorithms and combinatorics$1210 $aBerlin [etc.]$cSpringer$d1987-2018.$v5 500 1$3VAN00287010$aMathematics of Ramsey theory$978922 606 $a00B25$xProceedings of conferences of miscellaneous specific interest [MSC 2020]$3VANC020732$2MF 606 $a05-XX$xCombinatorics [MSC 2020]$3VANC019812$2MF 606 $a05A18$xPartitions of sets [MSC 2020]$3VANC033728$2MF 606 $a05C55$xGeneralized Ramsey theory [MSC 2020]$3VANC023629$2MF 606 $a05D10$xRamsey theory [MSC 2020]$3VANC021235$2MF 610 $aCombinatorics$9KW:K 610 $aComplexity$9KW:K 610 $aGraphs$9KW:K 610 $aPartition$9KW:K 610 $aProofs$9KW:K 610 $aRamsey theory$9KW:K 610 $aTopological spaces$9KW:K 610 $aTree$9KW:K 620 $dBerlin$3VANL000066 702 1$aNe?et?il$bJaroslav$3VANV039082$4340 702 1$aRödl$bVojt?ch$3VANV039083$4340 712 $aSpringer $3VANV108073$4650 790 1$aNe?et?il, J.$zNe?et?il, Jaroslav$3VANV261145 801 $aIT$bSOL$c20260403$gRICA 856 4 $uhttps://doi.org/10.1007/978-3-642-72905-8$zE-book ? Accesso al full-text attraverso riconoscimento IP di Ateneo, proxy e/o Shibboleth 899 $aBIBLIOTECA DEL DIPARTIMENTO DI MATEMATICA E FISICA$1IT-CE0120$2VAN08 912 $fN 912 $aVAN00287011 950 $aBIBLIOTECA DEL DIPARTIMENTO DI MATEMATICA E FISICA$d08DLOAD e-Book 10681 $e08eMF10681 20250228 996 $aMathematics of Ramsey theory$978922 997 $aUNICAMPANIA